| 000 | 00505cam a2200169 a 4500 | ||
|---|---|---|---|
| 020 | _a9780815515388 (97808155 : alk. paper) | ||
| 020 | _a0815515383 (08155 : alk. paper) | ||
| 082 | 0 | 0 |
_a664.02 _bKUT/HA |
| 245 | 0 | 0 | _aHandbook of farm, dairy, and food machinery / |
| 260 |
_aNorwich, N.Y., U.S.A., : _bWilliam Andrew Pub., _cc2007. |
||
| 300 |
_axxix, 732 p. : _bill. ; |
||
| 650 | 0 | _aFood processing machinery | |
| 650 | 0 | _aFarm equipment | |
| 650 | 0 | _aDairying | |
| 700 | 1 | _aKutz, Myer. | |
| 942 | _cBK | ||
| 999 |
_c13653 _d13653 |
||